|
|
|
|
| LEADER |
00000nab a2200000 a 4500 |
| 001 |
vtls008415012 |
| 003 |
SK-MaSNL |
| 005 |
20260304135711.0 |
| 008 |
250505c2005 xo 0 slo |
| 015 |
|
|
|a SNBCL2005/5
|
| 035 |
|
|
|a SLK033154
|
| 035 |
|
|
|a urn:nbn:sk:snk-ab6zhi
|
| 035 |
|
|
|a (uuid)9c7e25a0-5279-470f-b894-8af4e81c8370
|
| 035 |
|
|
|a (urnnbn)urn:nbn:sk:snk:ar-a06cn3
|
| 035 |
|
|
|a (sysno)vtls008415012
|
| 040 |
|
|
|a SNKBUCL
|b slo
|c SNKBUCL
|e AACR2
|
| 041 |
0 |
|
|a slo
|b slo
|
| 044 |
|
|
|a xo
|c SK
|
| 080 |
|
|
|a 616.5-053.31-083
|2 1981
|
| 100 |
1 |
|
|a Nagy, Vidor
|u Dunajská Streda
|4 aut
|9 1455249
|
| 245 |
1 |
0 |
|a Sudocrem ako alternatíva ošetrenia novorodenca
|c Vidor Nagy
|
| 300 |
|
|
|b Obr.
|
| 504 |
|
|
|a Res. slov.
|
| 650 |
0 |
7 |
|a starostlivosť o kožu
|2 snkbucl
|9 1400818
|
| 650 |
0 |
7 |
|a novorodenci
|2 snkbucl
|9 1225
|
| 773 |
0 |
|
|t Dieťa nielen pre rodičov
|g Roč. 11, č. 5 (2005), s. 17
|x 1335-0919
|
| 850 |
|
|
|a Slovenská národná knižnica
|
| 852 |
|
|
|a Slovenská národná knižnica
|
| 954 |
|
|
|a odborná, vedecká literatúra pôvodná (slovenská)
|2 lita
|
| 958 |
|
|
|a article27
|
| 958 |
|
|
|a OND
|
| 958 |
|
|
|a EUIPO
|
| 999 |
|
|
|c 2911921
|d 2913851
|